000 00877nam a2200253 i 4500
001 bg
100 1 _aGutkowski, Bogdan.
245 1 0 _aAktualne przepisy w ochronie środowiska i inwestycjach :
_bsuplement 2 : [poradnik] /
_caut. Bogdan Gutkowski ; AOS Agencja Ochrony Środowiska w Koszalinie.
250 _aStan prawny na dzień 01.07.2007 r.
260 _aKoszalin :
_bAOS Agencja Ochrony Środowiska,
_c2007.
300 _a139 s. ;
_c30 cm.
650 9 _aPrawo ochrony środowiska
_zPolska
_ystan na 2007 r.
655 _aPoradniki
710 0 _aAgencja Ochrony Środowiska (Koszalin)
020 _a9788392047391
040 _cBPK
041 0 _apol
044 _aPOL
080 _a349.6(438)(083.1)
920 _a978-83-920473-9-1
942 _cKS
008 s pl f |000 0 pol
999 _c54210
_d54210
856 _uhttp://koha.tu.koszalin.pl/cgi-bin/koha/opac-detail.pl?biblionumber=54210
_yKatalog online BPK